000
00309nam a22001457a 4500
008
230901b ||||| |||| 00| 0 eng d
020
_a
0521211018
041
_a
eng
080
_a
521
082
_a
521NER
100
_a
19
101
_a
ASRTO
245
_a
THE SHAPE OF SPACE
_c
NERLICH.G
942
_2
udc
_c
BK
999
_c
60251
_d
60251